| 000 -LEADER | |
|---|---|
| fixed length control field | 00360nam a22001457a 4500 |
| 005 - DATE AND TIME OF LATEST TRANSACTION | |
| control field | 20170406103914.0 |
| 008 - FIXED-LENGTH DATA ELEMENTS--GENERAL INFORMATION | |
| fixed length control field | 170406b xxu||||| |||| 00| 0 eng d |
| 020 ## - INTERNATIONAL STANDARD BOOK NUMBER | |
| ISBN | 978-81-263-1948-0 |
| 041 ## - LANGUAGE CODE | |
| Language code of text/sound track or separate title | eng |
| 100 ## - MAIN ENTRY--AUTHOR NAME | |
| Personal name | KALIA, RAVINDRA |
| 245 ## - TITLE STATEMENT | |
| Title | ELECTRONIC MEDIA KI CHUNAUTIYAN |
| 260 ## - PUBLICATION, DISTRIBUTION, ETC. (IMPRINT) | |
| Place of publication | NEW DELHI |
| Name of publisher | BHARATIYA JNANPITH |
| 300 ## - PHYSICAL DESCRIPTION | |
| Number of Pages | 245 |
| 942 ## - ADDED ENTRY ELEMENTS (KOHA) | |
| Koha item type | Books |
| Lost status | Damaged status | Home library | Current library | Shelving location | Date acquired | Source of acquisition | Cost, normal purchase price | Accession Number | Koha item type |
|---|---|---|---|---|---|---|---|---|---|
| JRU Library | SHELF-31-G | 06/04/2017 | PURCHESS | 250.00 | 21720 | Books | |||
| JRU Library | SHELF-31-G | 06/04/2017 | PURCHESS | 250.00 | 21721 | Books | |||
| JRU Library | SHELF-31-G | 06/04/2017 | PURCHESS | 250.00 | 21722 | Books |